| 000 | 00359nam a2200097Ia 4500 | ||
|---|---|---|---|
| 008 | 180130s9999 xx 000 0 und d | ||
| 245 |
_cGjøsæter, Tor _aAffordances in mobile augmented reality applications |
||
| 260 | _c2016 | ||
| 300 | _aBook title: Recent developments in mobile technology--Acession number C20742; pages 160-170 | ||
| 650 | _aMOBILE TECHNOLOGY | ||
| 999 |
_c353778 _d353778 |
||